| 000 | 00800nam a2200181Ia 4500 | ||
|---|---|---|---|
| 008 | 100920s9999 xx 000 0 und d | ||
| 082 |
_b19757 _a28 व 491 थ 62 |
||
| 100 | _aमातुरकर वसंत. | ||
| 245 | _aजमला महाकवींचा मेळा ! (केवळ मुलांसाठीं). | ||
| 260 |
_bपूजा प्रकाशन, नागपूर. _c1962 |
||
| 300 |
_a24 _bसाधी |
||
| 365 | _b0.4 | ||
| 520 | _aबा.वि.नाटक. | ||
| 630 | _aजमला महाकवींचा मेळा ! (केवळ मुलांसाठीं). | ||
| 650 | _aबा.वि.नाटक. | ||
| 730 | _aजमला महाकवींचा मेळा ! (केवळ मुलांसाठीं). | ||
| 942 | _cBOOK | ||
| 999 |
_c680657 _d680654 |
||